| 000 | 01145cam a2200361 a 4500 | ||
|---|---|---|---|
| 001 | 2409 | ||
| 003 | FISKH | ||
| 005 | 20241107153933.0 | ||
| 008 | 040108s2004 nyu j 000 1 eng | ||
| 010 | _a 2004000346 | ||
| 020 | _a0439269695 (hardcover) | ||
| 020 | _a9780439269971 | ||
| 040 |
_aDLC _cDLC _dDLC _beng |
||
| 042 | _alcac | ||
| 050 | 0 | 0 |
_aPZ7.R9553 _bBe 2004 |
| 082 | 0 | 0 |
_a[Fic] _222 |
| 100 | 1 | _aRyan, Pam Muñoz. | |
| 245 | 1 | 0 |
_aBecoming Naomi León / _cPam Muñoz Ryan. |
| 250 | _aThis edition first printing, June 2007 | ||
| 260 |
_aNew York : _bScholastic, _c2004 |
||
| 300 |
_a246 pages ; _c20 cm |
||
| 505 | _aU | ||
| 520 | _aWhen Naomi's absent mother resurfaces to claim her, Naomi runs away to Mexico with her great-grandmother and younger brother in search of her father. | ||
| 521 | 8 |
_a830
_bLexile |
|
| 521 | 8 |
_aU
_bRaz-Plus |
|
| 650 | 1 |
_aGreat-grandmothers _vFiction. |
|
| 650 | 1 |
_aSiblings _vFiction. |
|
| 650 | 1 |
_aFamily problems _vFiction. |
|
| 650 | 1 |
_aMexican Americans _vFiction. |
|
| 651 | 1 |
_aMexico _vFiction. |
|
| 906 |
_a7 _bcbc _corignew _d1 _eecip _f20 _gy-gencatlg |
||
| 942 |
_2ddc _cBK _n0 |
||
| 999 |
_c2409 _d2409 |
||